Math Quiz #10 - Division Lvl 2 - Statistics

General Stats
  • This quiz has been taken 9 times
  • The average score is 11 of 20
Answer Stats
Problem Quotient % Correct
8/8= 1
100%
80/8= 10
100%
190/19= 10
100%
240/24= 10
100%
88/8= 11
100%
143/13= 11
100%
48/4= 12
100%
276/23= 12
100%
104/8= 13
100%
208/16= 13
100%
56/4= 14
100%
195/13= 15
100%
225/15= 15
100%
288/18= 16
100%
357/21= 17
100%
374/22= 17
100%
391/23= 17
100%
72/4= 18
100%
323/17= 19
100%
12/6= 2
100%
20/10= 2
100%
48/24= 2
100%
60/3= 20
100%
480/24= 20
100%
575/25= 23
100%
48/2= 24
100%
72/3= 24
100%
96/4= 24
100%
200/8= 25
100%
550/22= 25
100%
3/1= 3
100%
9/3= 3
100%
12/4= 3
100%
48/16= 3
100%
60/20= 3
100%
66/22= 3
100%
24/6= 4
100%
48/12= 4
100%
60/15= 4
100%
80/20= 4
100%
25/5= 5
100%
65/13= 5
100%
72/12= 6
100%
35/5= 7
100%
200/25= 8
100%
81/9= 9
100%
189/21= 9
100%
207/23= 9
100%
187/17= 11
50%
323/19= 17
50%
425/25= 17
50%
96/16= 6
50%
72/9= 8
50%
2/2= 1
0%
3/3= 1
0%
4/4= 1
0%
5/5= 1
0%
6/6= 1
0%
7/7= 1
0%
9/9= 1
0%
10/10= 1
0%
11/11= 1
0%
12/12= 1
0%
13/13= 1
0%
14/14= 1
0%
15/15= 1
0%
16/16= 1
0%
17/17= 1
0%
18/18= 1
0%
19/19= 1
0%
20/20= 1
0%
21/21= 1
0%
22/22= 1
0%
23/23= 1
0%
24/24= 1
0%
25/25= 1
0%
1/1= 1
0%
10/1= 10
0%
20/2= 10
0%
30/3= 10
0%
40/4= 10
0%
50/5= 10
0%
60/6= 10
0%
70/7= 10
0%
90/9= 10
0%
100/10= 10
0%
110/11= 10
0%
120/12= 10
0%
130/13= 10
0%
140/14= 10
0%
150/15= 10
0%
160/16= 10
0%
170/17= 10
0%
180/18= 10
0%
200/20= 10
0%
210/21= 10
0%
220/22= 10
0%
230/23= 10
0%
250/25= 10
0%
11/1= 11
0%
22/2= 11
0%
33/3= 11
0%
44/4= 11
0%
55/5= 11
0%
66/6= 11
0%
77/7= 11
0%
99/9= 11
0%
110/10= 11
0%
121/11= 11
0%
132/12= 11
0%
154/14= 11
0%
165/15= 11
0%
176/16= 11
0%
198/18= 11
0%
209/19= 11
0%
220/20= 11
0%
231/21= 11
0%
242/22= 11
0%
253/23= 11
0%
264/24= 11
0%
275/25= 11
0%
12/1= 12
0%
24/2= 12
0%
36/3= 12
0%
60/5= 12
0%
72/6= 12
0%
84/7= 12
0%
96/8= 12
0%
108/9= 12
0%
120/10= 12
0%
132/11= 12
0%
144/12= 12
0%
156/13= 12
0%
168/14= 12
0%
180/15= 12
0%
192/16= 12
0%
204/17= 12
0%
216/18= 12
0%
228/19= 12
0%
240/20= 12
0%
252/21= 12
0%
264/22= 12
0%
288/24= 12
0%
300/25= 12
0%
13/1= 13
0%
26/2= 13
0%
39/3= 13
0%
52/4= 13
0%
65/5= 13
0%
78/6= 13
0%
91/7= 13
0%
117/9= 13
0%
130/10= 13
0%
143/11= 13
0%
156/12= 13
0%
169/13= 13
0%
182/14= 13
0%
195/15= 13
0%
221/17= 13
0%
234/18= 13
0%
247/19= 13
0%
260/20= 13
0%
273/21= 13
0%
286/22= 13
0%
299/23= 13
0%
312/24= 13
0%
325/25= 13
0%
14/1= 14
0%
28/2= 14
0%
42/3= 14
0%
70/5= 14
0%
84/6= 14
0%
98/7= 14
0%
112/8= 14
0%
126/9= 14
0%
140/10= 14
0%
154/11= 14
0%
168/12= 14
0%
182/13= 14
0%
196/14= 14
0%
210/15= 14
0%
224/16= 14
0%
238/17= 14
0%
252/18= 14
0%
266/19= 14
0%
280/20= 14
0%
294/21= 14
0%
308/22= 14
0%
322/23= 14
0%
336/24= 14
0%
350/25= 14
0%
15/1= 15
0%
30/2= 15
0%
45/3= 15
0%
60/4= 15
0%
75/5= 15
0%
90/6= 15
0%
105/7= 15
0%
120/8= 15
0%
135/9= 15
0%
150/10= 15
0%
165/11= 15
0%
180/12= 15
0%
210/14= 15
0%
240/16= 15
0%
255/17= 15
0%
270/18= 15
0%
285/19= 15
0%
300/20= 15
0%
315/21= 15
0%
330/22= 15
0%
345/23= 15
0%
360/24= 15
0%
375/25= 15
0%
16/1= 16
0%
32/2= 16
0%
48/3= 16
0%
64/4= 16
0%
80/5= 16
0%
96/6= 16
0%
112/7= 16
0%
128/8= 16
0%
144/9= 16
0%
160/10= 16
0%
176/11= 16
0%
192/12= 16
0%
208/13= 16
0%
224/14= 16
0%
240/15= 16
0%
256/16= 16
0%
272/17= 16
0%
304/19= 16
0%
320/20= 16
0%
336/21= 16
0%
352/22= 16
0%
368/23= 16
0%
384/24= 16
0%
400/25= 16
0%
17/1= 17
0%
34/2= 17
0%
51/3= 17
0%
68/4= 17
0%
85/5= 17
0%
102/6= 17
0%
119/7= 17
0%
136/8= 17
0%
153/9= 17
0%
170/10= 17
0%
187/11= 17
0%
204/12= 17
0%
221/13= 17
0%
238/14= 17
0%
255/15= 17
0%
272/16= 17
0%
289/17= 17
0%
306/18= 17
0%
340/20= 17
0%
408/24= 17
0%
18/1= 18
0%
36/2= 18
0%
54/3= 18
0%
90/5= 18
0%
108/6= 18
0%
126/7= 18
0%
144/8= 18
0%
162/9= 18
0%
180/10= 18
0%
198/11= 18
0%
216/12= 18
0%
234/13= 18
0%
252/14= 18
0%
270/15= 18
0%
288/16= 18
0%
306/17= 18
0%
324/18= 18
0%
342/19= 18
0%
360/20= 18
0%
378/21= 18
0%
396/22= 18
0%
414/23= 18
0%
432/24= 18
0%
450/25= 18
0%
19/1= 19
0%
38/2= 19
0%
57/3= 19
0%
76/4= 19
0%
95/5= 19
0%
114/6= 19
0%
133/7= 19
0%
152/8= 19
0%
171/9= 19
0%
190/10= 19
0%
209/11= 19
0%
228/12= 19
0%
247/13= 19
0%
266/14= 19
0%
285/15= 19
0%
304/16= 19
0%
342/18= 19
0%
361/19= 19
0%
380/20= 19
0%
399/21= 19
0%
418/22= 19
0%
437/23= 19
0%
456/24= 19
0%
475/25= 19
0%
2/1= 2
0%
4/2= 2
0%
6/3= 2
0%
8/4= 2
0%
10/5= 2
0%
14/7= 2
0%
16/8= 2
0%
18/9= 2
0%
22/11= 2
0%
24/12= 2
0%
26/13= 2
0%
28/14= 2
0%
30/15= 2
0%
32/16= 2
0%
34/17= 2
0%
36/18= 2
0%
38/19= 2
0%
40/20= 2
0%
42/21= 2
0%
44/22= 2
0%
46/23= 2
0%
50/25= 2
0%
20/1= 20
0%
40/2= 20
0%
80/4= 20
0%
100/5= 20
0%
120/6= 20
0%
140/7= 20
0%
160/8= 20
0%
180/9= 20
0%
200/10= 20
0%
220/11= 20
0%
240/12= 20
0%
260/13= 20
0%
280/14= 20
0%
300/15= 20
0%
320/16= 20
0%
340/17= 20
0%
360/18= 20
0%
380/19= 20
0%
400/20= 20
0%
420/21= 20
0%
440/22= 20
0%
460/23= 20
0%
500/25= 20
0%
21/1= 21
0%
42/2= 21
0%
63/3= 21
0%
84/4= 21
0%
105/5= 21
0%
126/6= 21
0%
147/7= 21
0%
168/8= 21
0%
189/9= 21
0%
210/10= 21
0%
231/11= 21
0%
252/12= 21
0%
273/13= 21
0%
294/14= 21
0%
315/15= 21
0%
336/16= 21
0%
357/17= 21
0%
378/18= 21
0%
399/19= 21
0%
420/20= 21
0%
441/21= 21
0%
462/22= 21
0%
483/23= 21
0%
504/24= 21
0%
525/25= 21
0%
22/1= 22
0%
44/2= 22
0%
66/3= 22
0%
88/4= 22
0%
110/5= 22
0%
132/6= 22
0%
154/7= 22
0%
176/8= 22
0%
198/9= 22
0%
220/10= 22
0%
242/11= 22
0%
264/12= 22
0%
286/13= 22
0%
308/14= 22
0%
330/15= 22
0%
352/16= 22
0%
374/17= 22
0%
396/18= 22
0%
418/19= 22
0%
440/20= 22
0%
462/21= 22
0%
484/22= 22
0%
506/23= 22
0%
528/24= 22
0%
550/25= 22
0%
23/1= 23
0%
46/2= 23
0%
69/3= 23
0%
92/4= 23
0%
115/5= 23
0%
138/6= 23
0%
161/7= 23
0%
184/8= 23
0%
207/9= 23
0%
230/10= 23
0%
253/11= 23
0%
276/12= 23
0%
299/13= 23
0%
322/14= 23
0%
345/15= 23
0%
368/16= 23
0%
391/17= 23
0%
414/18= 23
0%
437/19= 23
0%
460/20= 23
0%
483/21= 23
0%
506/22= 23
0%
529/23= 23
0%
552/24= 23
0%
24/1= 24
0%
120/5= 24
0%
144/6= 24
0%
168/7= 24
0%
192/8= 24
0%
216/9= 24
0%
240/10= 24
0%
264/11= 24
0%
288/12= 24
0%
312/13= 24
0%
336/14= 24
0%
360/15= 24
0%
384/16= 24
0%
408/17= 24
0%
432/18= 24
0%
456/19= 24
0%
480/20= 24
0%
504/21= 24
0%
528/22= 24
0%
552/23= 24
0%
576/24= 24
0%
600/25= 24
0%
25/1= 25
0%
50/2= 25
0%
75/3= 25
0%
100/4= 25
0%
125/5= 25
0%
150/6= 25
0%
175/7= 25
0%
225/9= 25
0%
250/10= 25
0%
275/11= 25
0%
300/12= 25
0%
325/13= 25
0%
350/14= 25
0%
375/15= 25
0%
400/16= 25
0%
425/17= 25
0%
450/18= 25
0%
475/19= 25
0%
500/20= 25
0%
525/21= 25
0%
575/23= 25
0%
600/24= 25
0%
625/25= 25
0%
6/2= 3
0%
15/5= 3
0%
18/6= 3
0%
21/7= 3
0%
24/8= 3
0%
27/9= 3
0%
30/10= 3
0%
33/11= 3
0%
36/12= 3
0%
39/13= 3
0%
42/14= 3
0%
45/15= 3
0%
51/17= 3
0%
54/18= 3
0%
57/19= 3
0%
63/21= 3
0%
69/23= 3
0%
72/24= 3
0%
75/25= 3
0%
4/1= 4
0%
8/2= 4
0%
12/3= 4
0%
16/4= 4
0%
20/5= 4
0%
28/7= 4
0%
32/8= 4
0%
36/9= 4
0%
40/10= 4
0%
44/11= 4
0%
52/13= 4
0%
56/14= 4
0%
64/16= 4
0%
68/17= 4
0%
72/18= 4
0%
76/19= 4
0%
84/21= 4
0%
88/22= 4
0%
92/23= 4
0%
96/24= 4
0%
100/25= 4
0%
5/1= 5
0%
10/2= 5
0%
15/3= 5
0%
20/4= 5
0%
30/6= 5
0%
35/7= 5
0%
40/8= 5
0%
45/9= 5
0%
50/10= 5
0%
55/11= 5
0%
60/12= 5
0%
70/14= 5
0%
75/15= 5
0%
80/16= 5
0%
85/17= 5
0%
90/18= 5
0%
95/19= 5
0%
100/20= 5
0%
105/21= 5
0%
110/22= 5
0%
115/23= 5
0%
120/24= 5
0%
125/25= 5
0%
6/1= 6
0%
12/2= 6
0%
18/3= 6
0%
24/4= 6
0%
30/5= 6
0%
36/6= 6
0%
42/7= 6
0%
48/8= 6
0%
54/9= 6
0%
60/10= 6
0%
66/11= 6
0%
78/13= 6
0%
84/14= 6
0%
90/15= 6
0%
102/17= 6
0%
108/18= 6
0%
114/19= 6
0%
120/20= 6
0%
126/21= 6
0%
132/22= 6
0%
138/23= 6
0%
144/24= 6
0%
150/25= 6
0%
7/1= 7
0%
14/2= 7
0%
21/3= 7
0%
28/4= 7
0%
42/6= 7
0%
49/7= 7
0%
56/8= 7
0%
63/9= 7
0%
70/10= 7
0%
77/11= 7
0%
84/12= 7
0%
91/13= 7
0%
98/14= 7
0%
105/15= 7
0%
112/16= 7
0%
119/17= 7
0%
126/18= 7
0%
133/19= 7
0%
140/20= 7
0%
147/21= 7
0%
154/22= 7
0%
161/23= 7
0%
168/24= 7
0%
175/25= 7
0%
8/1= 8
0%
16/2= 8
0%
24/3= 8
0%
32/4= 8
0%
40/5= 8
0%
48/6= 8
0%
56/7= 8
0%
64/8= 8
0%
80/10= 8
0%
88/11= 8
0%
96/12= 8
0%
104/13= 8
0%
112/14= 8
0%
120/15= 8
0%
128/16= 8
0%
136/17= 8
0%
144/18= 8
0%
152/19= 8
0%
160/20= 8
0%
168/21= 8
0%
176/22= 8
0%
184/23= 8
0%
192/24= 8
0%
9/1= 9
0%
18/2= 9
0%
27/3= 9
0%
36/4= 9
0%
45/5= 9
0%
54/6= 9
0%
63/7= 9
0%
72/8= 9
0%
90/10= 9
0%
99/11= 9
0%
108/12= 9
0%
117/13= 9
0%
126/14= 9
0%
135/15= 9
0%
144/16= 9
0%
153/17= 9
0%
162/18= 9
0%
171/19= 9
0%
180/20= 9
0%
198/22= 9
0%
216/24= 9
0%
225/25= 9
0%
No matching quizzes found
Score Distribution
Percent of People with Each Score
Percentile by Number Answered
Your Score History
You have not taken this quiz